| 000 | 00529nam a2200193 a 4500 | ||
|---|---|---|---|
| 001 | 1756897879258 | ||
| 003 | YourLibrary | ||
| 005 | 20250903164250.0 | ||
| 008 | 250903s1990##################000#0#eng## | ||
| 020 | _a9780521380607 | ||
| 082 | 0 | 4 |
_a584.90416 _bCHA |
| 100 | 1 |
_aChapman, Geoffrey Peter, _eauthor. |
|
| 245 | 1 | 0 | _aReproductive Versatility in the Grasses : |
| 260 |
_bCambridge University Press, _c1990. |
||
| 300 | _a318 pages | ||
| 650 | 0 | _aNature. | |
| 942 | _cENGLISH | ||
| 040 |
_aYourLibrary _beng _cYourLibrary |
||
| 999 |
_c585208 _d585208 |
||